[Event "SVK-chT3B2 2324"]
[Site "Slovakia"]
[Date "2024.03.03"]
[Round "9.8"]
[White "Matejka, Peter"]
[Black "Lachky, Matej"]
[Result "0-1"]
[WhiteElo "1541"]
[BlackElo "1543"]
[PlyCount "56"]
[EventDate "2023.10.15"]
[EventType "team-tourn"]
[EventRounds "11"]
[EventCountry "SVK"]
[SourceTitle "EXT 2025"]
[Source "ChessBase"]
[SourceDate "2024.10.14"]
[SourceVersion "1"]
[SourceVersionDate "2024.10.14"]
[SourceQuality "1"]
[WhiteTeam "Nemsova Horne Srnie"]
[BlackTeam "Prievidza III"]
[WhiteTeamCountry "SVK"]
[BlackTeamCountry "SVK"]

1. d4 e6 2. Nf3 d5 3. e3 Nf6 4. Be2 Bd6 5. Nbd2 0-0 6. c4 b6 7. Qb3 dxc4 8. Bxc4 Bb7 9. Bd3 c5 10. dxc5 Bxc5 11. 0-0 Nbd7 12. Qc2 Rc8 13. Qb1 Qc7 14. Ng5 h6 15. Ngf3 Ne5 16. Nxe5 Qxe5 17. b4 Ng4 18. g3 Qh5 19. h4 g5 20. Bh7+ Kg7 21. Bb2+ f6 22. bxc5 gxh4 23. Bg6 h3 24. f3 Qg5 25. fxg4 Qxe3+ 26. Rf2 h2+ 27. Kxh2 Qxf2+ 28. Kh3 Qg2+ 0-1

[Event "SVK-chT3B2 2324"]
[Site "Slovakia"]
[Date "2023.12.10"]
[Round "5.8"]
[White "Matejka, Peter"]
[Black "Brath, Branislav"]
[Result "1-0"]
[WhiteElo "1541"]
[BlackElo "1000"]
[PlyCount "87"]
[EventDate "2023.10.15"]
[EventType "team-tourn"]
[EventRounds "11"]
[EventCountry "SVK"]
[SourceTitle "EXT 2025"]
[Source "ChessBase"]
[SourceDate "2024.10.14"]
[SourceVersion "1"]
[SourceVersionDate "2024.10.14"]
[SourceQuality "1"]
[WhiteTeam "Nemsova Horne Srnie"]
[BlackTeam "Handlova"]
[WhiteTeamCountry "SVK"]
[BlackTeamCountry "SVK"]

1. d4 g6 2. e4 d6 3. Nf3 Nf6 4. Bd3 Bg7 5. 0-0 0-0 6. Nbd2 e5 7. dxe5 dxe5 8. Nxe5 Nxe4 9. Nxe4 Bxe5 10. Rb1 Nc6 11. a3 Re8 12. Be3 Bf5 13. Nc5 Qf6 14. Qc1 b6 15. Bg5 Qd6 16. Bxf5 bxc5 17. Bd3 Bxh2+ 18. Kh1 f6 19. Bxf6 Bf4 20. Qd1 Qxf6 21. g3 Bd6 22. Bb5 Bf8 23. Qd5+ Re6 24. Bxc6 Rd8 25. Qb3 Kg7 26. Bg2 Rd2 27. Rbd1 Ree2 28. Rxd2 Rxd2 29. Kg1 Bd6 30. c3 h5 31. Qb5 Qe6 32. c4 h4 33. Bd5 Qf5 34. Qe8 Rxb2 35. Qg8+ Kf6 36. Qh8+ Ke7 37. Qxb2 Be5 38. Qe2 Qg5 39. Qf3 Kd7 40. Qf7+ Qe7 41. Qxg6 hxg3 42. Bc6+ Kc8 43. Qg8+ Qd8 44. Qe6+ 1-0

[Event "SVK-chT3B2 2324"]
[Site "Slovakia"]
[Date "2023.11.05"]
[Round "3.7"]
[White "Matejka, Peter"]
[Black "Lukac, Jozef1"]
[Result "1/2-1/2"]
[WhiteElo "1541"]
[BlackElo "1499"]
[PlyCount "76"]
[EventDate "2023.10.15"]
[EventType "team-tourn"]
[EventRounds "11"]
[EventCountry "SVK"]
[SourceTitle "EXT 2025"]
[Source "ChessBase"]
[SourceDate "2024.10.14"]
[SourceVersion "1"]
[SourceVersionDate "2024.10.14"]
[SourceQuality "1"]
[WhiteTeam "Nemsova Horne Srnie"]
[BlackTeam "Lehota pod Vtacnikom"]
[WhiteTeamCountry "SVK"]
[BlackTeamCountry "SVK"]

1. d4 d5 2. c4 dxc4 3. e4 e6 4. Bxc4 Nd7 5. Nf3 Nb6 6. Bb3 Nf6 7. e5 Bb4+ 8. Bd2 Bxd2+ 9. Nbxd2 Nfd5 10. 0-0 Bd7 11. Ne4 Bb5 12. Re1 Nd7 13. Nfg5 Qe7 14. Bxd5 exd5 15. Nf6+ Kd8 16. Nxd7 Bxd7 17. Qh5 Be6 18. Nxe6+ Qxe6 19. Qg5+ Kd7 20. Qd2 Rhe8 21. Rac1 c6 22. Qb4 b6 23. Rc3 Rac8 24. Rec1 Rc7 25. Qa3 f6 26. Re3 f5 27. Rec3 Qe7 28. Qa4 Rec8 29. Qc2 g6 30. Qe2 Qe6 31. Qe3 Rg8 32. a4 a5 33. Qd3 Ra8 34. Rb3 Rb8 35. Qa6 Rcb7 36. Rbc3 Rc7 37. Qd3 Rbc8 38. Rb1 Qe7 1/2-1/2

[Event "SVK-chT3B2 1920"]
[Site "Slovakia"]
[Date "2019.12.08"]
[Round "5.1"]
[White "Kijac, Miroslav"]
[Black "Matejka, Peter"]
[Result "1-0"]
[WhiteElo "2124"]
[BlackElo "1597"]
[PlyCount "73"]
[EventDate "2019.10.06"]
[EventType "team-tourn"]
[EventRounds "11"]
[EventCountry "SVK"]
[SourceTitle "CBM 194 Extra"]
[Source "ChessBase"]
[SourceDate "2020.03.31"]
[SourceVersion "1"]
[SourceVersionDate "2020.03.31"]
[SourceQuality "1"]
[WhiteTeam "Trencin II"]
[BlackTeam "Nemsova Horne Srnie II"]
[WhiteTeamCountry "SVK"]
[BlackTeamCountry "SVK"]

1. d4 d5 2. c4 dxc4 3. e3 e6 4. Bxc4 Nf6 5. Nf3 Be7 6. 0-0 Nbd7 7. Nc3 a6 8. Bb3 0-0 9. e4 h6 10. e5 Nh7 11. Qe2 Bg5 12. Nxg5 Nxg5 13. f4 Nh7 14. Be3 c6 15. Qg4 Kh8 16. Rf3 Nb6 17. Qh5 Nd5 18. Nxd5 cxd5 19. g4 f6 20. Bc2 Bd7 21. Qg6 f5 22. gxf5 exf5 23. Rg3 Qe7 24. Qb6 Bc6 25. Bd2 Rg8 26. Bxf5 Nf8 27. Bd3 Qh4 28. f5 Nd7 29. Qb4 a5 30. Qc3 Nb6 31. Be3 Rac8 32. Qd2 Nc4 33. Qf2 Nxe3 34. Qxe3 Rce8 35. Rf1 Qe7 36. f6 gxf6 37. Qxh6+ 1-0

[Event "SVK-chT3B2 1819"]
[Site "Slovakia"]
[Date "2019.02.24"]
[Round "8.6"]
[White "Kucharek, Tibor"]
[Black "Matejka, Peter"]
[Result "1/2-1/2"]
[WhiteElo "1635"]
[BlackElo "1531"]
[PlyCount "47"]
[EventDate "2018.10.21"]
[EventType "team-tourn"]
[EventRounds "11"]
[EventCountry "SVK"]
[SourceTitle "CBM 189 Extra"]
[Source "ChessBase"]
[SourceDate "2019.05.31"]
[SourceVersion "1"]
[SourceVersionDate "2019.05.31"]
[SourceQuality "1"]
[WhiteTeam "Dubnica nad Vahom  III"]
[BlackTeam "Nemsova Horne Srnie"]
[WhiteTeamCountry "SVK"]
[BlackTeamCountry "SVK"]

1. d4 d5 2. c4 dxc4 3. Nc3 e6 4. e4 c6 5. Bxc4 Nf6 6. Bg5 Be7 7. Nf3 0-0 8. 0-0 Nbd7 9. Rc1 h6 10. Bh4 Nh7 11. Bg3 Ng5 12. Nxg5 Bxg5 13. f4 Bh4 14. Rf3 Bxg3 15. Rxg3 Kh8 16. Qg4 Rg8 17. e5 Nb6 18. Ne2 Nxc4 19. Rxc4 Qd5 20. b3 Qe4 21. a4 b6 22. Kf2 Ba6 23. Re3 Qd5 24. Nc3 1/2-1/2

[Event "SVK-chT2B 1819"]
[Site "Slovakia"]
[Date "2018.12.16"]
[Round "6.8"]
[White "Matejka, Peter"]
[Black "Kostelansky, Karol"]
[Result "1/2-1/2"]
[WhiteElo "1540"]
[BlackElo "1693"]
[PlyCount "84"]
[EventDate "2018.10.13"]
[EventType "team-tourn"]
[EventRounds "11"]
[EventCountry "SVK"]
[SourceTitle "CBM 189 Extra"]
[Source "ChessBase"]
[SourceDate "2019.05.31"]
[SourceVersion "1"]
[SourceVersionDate "2019.05.31"]
[SourceQuality "1"]
[WhiteTeam "Nemsova Horne Srnie"]
[BlackTeam "Povazske Podhradie"]
[WhiteTeamCountry "SVK"]
[BlackTeamCountry "SVK"]

1. d4 f5 2. Nf3 Nf6 3. e3 e6 4. Be2 b6 5. Nbd2 Bb7 6. b3 Bb4 7. a3 Bc3 8. Rb1 0-0 9. 0-0 Bxd2 10. Bxd2 a6 11. h3 Qe8 12. Bc1 h6 13. Bb2 g5 14. Nh2 d6 15. c4 Nbd7 16. a4 a5 17. f3 h5 18. Rc1 Qg6 19. Bd3 Qg7 20. Rc2 h4 21. Be2 Nh5 22. d5 e5 23. Rf2 Ng3 24. Bd3 Nf6 25. Rcd2 Rae8 26. Qb1 Bc8 27. Qd1 Qe7 28. Qb1 Rf7 29. Qd1 Rff8 30. Qb1 Rf7 31. Rd1 Rg7 32. Bc3 Rf7 33. Re1 Nfh5 34. Bc2 Qf8 35. Rd1 Qe7 36. Rdd2 Nf6 37. Rd1 Ref8 38. Re1 Nfh5 39. Qc1 Rg7 40. Bb1 Rgf7 41. Bc2 Rg7 42. Qd1 Nf6 1/2-1/2